[Event "Grand Pacific Open 11th annual"]
[Site "?"]
[Date "2017.04.??"]
[Round "1.8"]
[White "Zhang, Eric"]
[Black "Babb, Jeff"]
[Result "1/2-1/2"]
[WhiteElo "1892"]
[BlackElo "2158"]
[PlyCount "141"]
[EventDate "2017.04.17"]
[SourceDate "2017.04.17"]

1. d4 Nf6 2. c4 c5 3. d5 b5 4. cxb5 a6 5. b6 d6 6. Nc3 Qxb6 7. Nf3 g6 8. Nd2
Bg7 9. e4 Nbd7 10. Nc4 Qb8 11. a4 a5 12. Be2 O-O 13. O-O Nb6 14. Na3 Ba6 15.
Bxa6 Rxa6 16. Be3 Ra8 17. Qe2 Nfd7 18. Nab5 Qc8 19. f3 Rb8 20. Na7 Qb7 21. Nc6
Ra8 22. Nxe7+ Kh8 23. Nc6 Nb8 24. Nxb8 Rfxb8 25. Bf4 Qd7 26. Qb5 Qd8 27. Qe2
Qf6 28. Bg3 Nc8 29. Rfe1 Rb4 30. e5 dxe5 31. Bxe5 Qxe5 32. Qxe5 Bxe5 33. Rxe5
Nd6 34. Ne4 Rd8 35. Rc1 c4 36. Nxd6 Rxd6 37. Rc2 Rxa4 38. Kf2 Kg7 39. Ke3 Rb4
40. Kd4 c3+ 41. Kxc3 Kf6 42. Rce2 h5 43. g3 g5 44. h3 Rdb6 45. R5e3 Rb3+ 46.
Kc4 R3b4+ 47. Kc3 R4b5 48. d6 Rc5+ 49. Kd2 Rd5+ 50. Kc1 Rdxd6 51. Rc3 Rb4 52.
Rc5 a4 53. g4 hxg4 54. hxg4 Kg6 55. Ree5 f6 56. Re2 Rb3 57. Rf2 Rdb6 58. Rc7 a3
59. bxa3 Rxa3 60. Kd1 Rb1+ 61. Rc1 Rbb3 62. Ke2 Re3+ 63. Kf1 Rxf3 64. Rxf3
Rxf3+ 65. Kg2 Ra3 66. Rc7 Ra6 67. Kg3 f5 68. gxf5+ Kxf5 69. Rc5+ Kf6 70. Rc4
Ra1 71. Kg4 1/2-1/2

[Event "Grand Pacific Open 11th annual"]
[Site "?"]
[Date "2017.04.??"]
[Round "1.5"]
[White "Gansvind, Valeria"]
[Black "Huang, Patrick"]
[Result "1-0"]
[WhiteElo "2254"]
[BlackElo "1931"]
[PlyCount "113"]
[EventDate "2017.04.17"]
[SourceDate "2017.04.17"]

1. d4 Nf6 2. Nf3 e6 3. e3 d5 4. Bd3 b6 5. b3 Bb7 6. Bb2 Nbd7 7. Nbd2 Be7 8. Ne5
O-O 9. O-O c5 10. Qe2 Qc7 11. c4 Rac8 12. Rac1 Rfd8 13. Rfd1 Nxe5 14. dxe5 Nd7
15. f4 Bf8 16. Nf3 dxc4 17. Bxh7+ Kh8 18. Bb1 Bxf3 19. Qxf3 g6 20. bxc4 Bg7 21.
h4 Nf8 22. h5 Rxd1+ 23. Rxd1 Rd8 24. hxg6 fxg6 25. Bc3 Rxd1+ 26. Qxd1 Kg8 27.
Be4 Kf7 28. Be1 Qd7 29. Qxd7+ Nxd7 30. Bh4 Bxe5 31. fxe5 Nxe5 32. Bc2 Nxc4 33.
Kf2 b5 34. Ke2 a5 35. Be1 b4 36. Bg3 Na3 37. Ba4 Kf6 38. Kd3 e5 39. Bb3 Kf5 40.
e4+ Kf6 41. Bf2 a4 42. Bxa4 c4+ 43. Kd2 Nb1+ 44. Kc1 Nc3 45. Bc6 Nxa2+ 46. Kb2
Nc3 47. Bc5 Ne2 48. Bxb4 Kg5 49. Bd5 Nf4 50. Be7+ Kg4 51. Bd6 Nxd5 52. exd5 e4
53. Bc5 Kf5 54. Kc3 Ke5 55. Kxc4 g5 56. Be3 g4 57. Kc5 1-0

[Event "Grand Pacific Open 11th annual"]
[Site "?"]
[Date "2017.04.??"]
[Round "1.3"]
[White "Reeve, Jeff"]
[Black "North, Robert"]
[Result "1-0"]
[WhiteElo "2323"]
[BlackElo "1974"]
[PlyCount "73"]
[EventDate "2017.04.17"]
[SourceDate "2017.04.17"]

1. e4 c5 2. Nf3 e6 3. d3 Nc6 4. g3 g6 5. Bg2 Bg7 6. O-O Nge7 7. c3 O-O 8. Re1
d6 9. a4 Rb8 10. Qe2 b6 11. Na3 e5 12. Nc4 Ba6 13. Rb1 Bc8 14. Qc2 a6 15. Ne3
a5 16. Bd2 Kh8 17. b4 axb4 18. cxb4 f5 19. b5 fxe4 20. dxe4 Nd4 21. Nxd4 exd4
22. Nc4 d5 23. exd5 Bf5 24. Be4 Nxd5 25. a5 bxa5 26. Nxa5 Bxe4 27. Rxe4 Qf6 28.
Bf4 Rbc8 29. Be5 Qf3 30. Bxg7+ Kxg7 31. Rbe1 d3 32. Qb2+ Rf6 33. Nc4 Rcf8 34.
b6 Kg8 35. b7 Nb4 36. Ne5 Qf5 37. Ng4 1-0

[Event "Grand Pacific Open 11th annual"]
[Site "?"]
[Date "2017.04.??"]
[Round "1.6"]
[White "Su, Michael"]
[Black "Moore, Harry"]
[Result "1/2-1/2"]
[WhiteElo "2197"]
[BlackElo "1913"]
[Annotator ",roger"]
[PlyCount "42"]
[EventDate "2017.04.17"]
[SourceDate "2017.04.17"]

1. d4 Nf6 2. c4 e6 3. Nc3 Bb4 4. e3 c5 5. Nge2 O-O 6. a3 Bxc3+ 7. Nxc3 cxd4 8.
exd4 d5 9. Bg5 dxc4 10. Bxc4 Nc6 11. d5 exd5 12. Nxd5 Qe8+ 13. Be3 Nxd5 14.
Bxd5 Qe5 15. Bxc6 bxc6 16. Qd4 Qb5 17. a4 Qa6 18. Rd1 Qa5+ 19. Qc3 Qxa4 20. O-O
Re8 21. Ra1 Qb5 {x moves (illegible)} 1/2-1/2

[Event "Grand Pacific Open 11th annual"]
[Site "?"]
[Date "2017.04.??"]
[Round "1.1"]
[White "Cao, Jason"]
[Black "Airapetian, Chouchanik"]
[Result "1-0"]
[WhiteElo "2414"]
[BlackElo "2015"]
[PlyCount "63"]
[EventDate "2017.04.17"]
[SourceDate "2017.04.17"]

1. e4 e5 2. Nf3 Nc6 3. Bb5 a6 4. Ba4 Nf6 5. d3 b5 6. Bb3 Bc5 7. a4 Bb7 8. Nc3
b4 9. Ne2 h6 10. Ng3 O-O 11. Nf5 d5 12. exd5 Nxd5 13. O-O Qd7 14. N3h4 Nf6 15.
Bxh6 gxh6 16. Qd2 Nd4 17. Nxh6+ Kh7 18. Qg5 Bxg2 19. Bxf7 Ne2+ 20. Kxg2 Nf4+
21. Kh1 Rxf7 22. Nxf7 Qxf7 23. Qf5+ Kh8 24. Rg1 Bxf2 25. Ng6+ Nxg6 26. Rxg6 Bh4
27. Rh6+ Kg8 28. Rg1+ Kf8 29. Rh8+ Ke7 30. Qxe5+ Kd7 31. Rxa8 Qh7 32. Rxa6 1-0

[Event "Grand Pacific Open 11th annual"]
[Site "?"]
[Date "2017.04.??"]
[Round "1.4"]
[White "Raymer, Elliot"]
[Black "Geng, Li"]
[Result "0-1"]
[WhiteElo "1961"]
[BlackElo "1419"]
[PlyCount "66"]
[EventDate "2017.04.17"]
[SourceDate "2017.04.17"]

1. e4 d5 2. exd5 Qxd5 3. Nc3 Qd6 4. d4 a6 5. Nf3 Nf6 6. Bc4 b5 7. Bb3 Bb7 8.
O-O e6 9. Re1 Be7 10. Ne5 O-O 11. Bf4 Qd8 12. a3 Nbd7 13. Qe2 Nxe5 14. dxe5 Nd5
15. Nxd5 Bxd5 16. Rad1 c6 17. c3 Qb6 18. Bc2 a5 19. Qd3 g6 20. Bh6 Rfd8 21. Qg3
b4 22. h4 Bf8 23. Bg5 Re8 24. Bf6 Bg7 25. h5 bxa3 26. Rd4 Qxb2 27. hxg6 fxg6
28. Bxg6 hxg6 29. Qxg6 Qb7 30. Re3 a2 31. Rh3 Qb1+ 32. Qxb1 axb1=Q+ 33. Kh2 Qg6
0-1

[Event "Grand Pacific Open 11th annual"]
[Site "?"]
[Date "2017.04.??"]
[Round "1.10"]
[White "Petrov, Oscar"]
[Black "Patterson, Roger"]
[Result "0-1"]
[WhiteElo "1820"]
[BlackElo "2070"]
[PlyCount "56"]
[EventDate "2017.04.17"]
[SourceDate "2017.04.17"]

1. e4 e5 2. Nf3 Nc6 3. Bc4 Bc5 4. c3 Nf6 5. d3 a6 6. Bb3 d6 7. Nbd2 O-O 8. h3
Be6 9. Bc2 h6 10. Nf1 d5 11. Qe2 Qd7 12. g4 b5 13. Ng3 dxe4 14. Nxe4 Nxe4 15.
Qxe4 f5 16. gxf5 Bxf5 17. Bb3+ Kh8 18. Qd5 Qd6 19. Be3 Bxe3 20. fxe3 Qf6 21. e4
Rad8 22. Qc5 Bxe4 23. Rf1 Bxf3 24. Bd1 e4 25. dxe4 Ne5 26. Be2 Qh4+ 27. Rf2
Bxe2 28. Kxe2 Rxf2+ 0-1

[Event "Grand Pacific Open 11th annual"]
[Site "?"]
[Date "2017.04.??"]
[Round "1.2"]
[White "Freeze, Gregory"]
[Black "Sohal, Tanraj"]
[Result "0-1"]
[WhiteElo "1975"]
[BlackElo "2370"]
[PlyCount "52"]
[EventDate "2017.04.17"]
[SourceDate "2017.04.17"]

1. e4 c5 2. Nf3 e6 3. d4 cxd4 4. Nxd4 Nf6 5. Nc3 Nc6 6. Be3 Bb4 7. f3 d5 8.
Nxc6 bxc6 9. e5 Nd7 10. f4 O-O 11. Qg4 f5 12. Qf3 c5 13. Bd2 Rb8 14. a3 Ba5 15.
b3 Bb7 16. Nb1 Qc7 17. Qh3 Nxe5 18. Be2 Ng6 19. g3 e5 20. b4 cxb4 21. axb4 Bb6
22. fxe5 Qxe5 23. c3 Rbe8 24. Qh5 d4 25. cxd4 Bxd4 26. Ra5 Qe4 0-1

[Event "Grand Pacific Open 11th annual"]
[Site "?"]
[Date "2017.04.??"]
[Round "1.7"]
[White "Wu, Howard"]
[Black "Zhou, Aiden"]
[Result "1-0"]
[WhiteElo "2184"]
[BlackElo "1907"]
[PlyCount "71"]
[EventDate "2017.04.17"]
[SourceDate "2017.04.17"]

1. e4 c5 2. Nf3 d6 3. d4 cxd4 4. Nxd4 Nf6 5. Nc3 g6 6. Be2 Bg7 7. O-O O-O 8.
Bg5 Nc6 9. Nb3 Be6 10. Kh1 Nd7 11. f4 Nc5 12. Nxc5 dxc5 13. f5 Bd7 14. Nd5 h6
15. Bh4 g5 16. Bg3 Ne5 17. Qd2 Bc6 18. Rad1 Bxd5 19. Qxd5 Qc7 20. Bh5 Rae8 21.
c3 e6 22. fxe6 fxe6 23. Rxf8+ Kxf8 24. Qd2 Rb8 25. Rf1+ Kg8 26. Bf7+ Kh8 27.
Bxe6 Rd8 28. Bd5 Qe7 29. Qe2 Rf8 30. h3 Rxf1+ 31. Qxf1 g4 32. Qf5 Qg5 33. Qc8+
Kh7 34. Bg8+ Kg6 35. Qe8+ Kf6 36. Qe6# 1-0

[Event "Grand Pacific Open 11th annual"]
[Site "?"]
[Date "2017.04.??"]
[Round "1.9"]
[White "Kostadinov, Georgi"]
[Black "Low, Kevin"]
[Result "1-0"]
[WhiteElo "2084"]
[BlackElo "1866"]
[PlyCount "111"]
[EventDate "2017.04.17"]
[SourceDate "2017.04.17"]

1. d4 Nf6 2. c4 e6 3. g3 Be7 4. Nf3 b6 5. Bg2 Bb7 6. O-O O-O 7. Nc3 d6 8. d5 e5
9. e4 Nbd7 10. Nh4 Re8 11. Nf5 Bf8 12. g4 Kh8 13. h4 a5 14. Bg5 Ba6 15. Qe2 Qc8
16. Rfd1 Ng8 17. b3 Nc5 18. Bf3 Ne7 19. h5 Rb8 20. Kg2 Qd7 21. Nb5 Nxf5 22.
gxf5 Bxb5 23. cxb5 Be7 24. Be3 Rg8 25. Rh1 g6 26. fxg6 fxg6 27. h6 Rbf8 28. Bg4
Qe8 29. Bxc5 bxc5 30. Be6 Rf4 31. Bxg8 Kxg8 32. Rh3 Qd7 33. f3 Bh4 34. Kh2 Qe7
35. Rg1 Rf8 36. Qd2 Rf4 37. Qxa5 Bf2 38. Rg2 Bd4 39. Qe1 Qf8 40. Rgg3 Qa8 41.
a4 c4 42. Qd1 c3 43. b4 Qf8 44. Qc2 Qf6 45. Kg2 Kh8 46. a5 g5 47. b6 cxb6 48.
axb6 g4 49. Rxg4 Rxg4+ 50. fxg4 Qf4 51. b7 Ba7 52. Rxc3 Qxh6 53. Rc8+ Kg7 54.
Qc7+ Kg6 55. Rg8+ Kf6 56. Qxd6+ 1-0

[Event "Grand Pacific Open 11th annual"]
[Site "?"]
[Date "2017.04.??"]
[Round "2.1"]
[White "Patterson, Roger"]
[Black "Cao, Jason"]
[Result "1-0"]
[WhiteElo "2070"]
[BlackElo "2414"]
[PlyCount "89"]
[EventDate "2017.04.17"]
[SourceDate "2017.04.18"]

1. e4 e5 2. Nf3 Nc6 3. Bb5 a6 4. Ba4 Nf6 5. O-O Be7 6. Re1 b5 7. Bb3 d6 8. c3
O-O 9. h3 Nb8 10. d4 Nbd7 11. Nbd2 Bb7 12. Bc2 Re8 13. Nf1 Bf8 14. Ng3 g6 15.
Nh2 c5 16. d5 c4 17. Rf1 Nc5 18. Be3 Rc8 19. Qd2 h5 20. Bg5 Bg7 21. Rae1 Qb6
22. Kh1 a5 23. f4 exf4 24. Qxf4 Ncd7 25. Re2 Rf8 26. Ref2 Rce8 27. Qh4 Nh7 28.
Be7 Rxe7 29. Qxe7 Ne5 30. Ne2 Bc8 31. Nd4 b4 32. Nc6 Nxc6 33. dxc6 Be6 34. c7
Qc5 35. e5 Qxe5 36. Rxf7 Bxf7 37. Rxf7 Qxe7 38. Rxe7 Bf6 39. Rd7 Rc8 40. Be4
Nf8 41. Bd5+ Kh8 42. Rf7 bxc3 43. bxc3 Bxc3 44. Bb7 Kg8 45. Bxc8 1-0

[Event "Grand Pacific Open 11th annual"]
[Site "?"]
[Date "2017.04.??"]
[Round "2.8"]
[White "Babb, Jeff"]
[Black "Su, Michael"]
[Result "1-0"]
[WhiteElo "2158"]
[BlackElo "1913"]
[Annotator ",roger"]
[PlyCount "85"]
[EventDate "2017.04.17"]
[SourceDate "2017.04.18"]

1. f4 d5 2. e3 g6 3. Nf3 Bg7 4. Be2 c5 5. O-O Nc6 6. d3 Nf6 7. Nc3 O-O 8. e4
dxe4 9. dxe4 e5 10. Qxd8 Rxd8 11. Nxe5 Nxe5 12. fxe5 Nd7 13. Bg5 Re8 14. e6
fxe6 15. Rad1 Bd4+ 16. Rxd4 cxd4 17. Nb5 Nc5 18. Nc7 Nxe4 19. Bh6 Bd7 20. Nxa8
Rxa8 21. Rd1 e5 22. c3 Nd6 23. cxd4 e4 24. Bf4 Nf7 25. Bc4 Rc8 26. Bb3 Kg7 27.
Rf1 Bb5 28. Rf2 h6 29. Bxf7 Kxf7 30. Bxh6+ Ke6 31. h3 Bd3 32. Be3 Rc2 33. Rxc2
Bxc2 34. Kf2 Kd5 35. g4 a5 36. h4 Bd1 37. Kg3 Kc4 38. Kf4 Kd3 39. d5 Ba4 40.
Bb6 Bd7 41. h5 e3 42. h6 e2 43. Bxa5 1-0

[Event "Grand Pacific Open 11th annual"]
[Site "?"]
[Date "2017.04.??"]
[Round "2.10"]
[White "Tian, Sherry"]
[Black "Zhang, Eric"]
[Result "1/2-1/2"]
[WhiteElo "1818"]
[BlackElo "1892"]
[Annotator ",roger"]
[PlyCount "100"]
[EventDate "2017.04.17"]
[SourceDate "2017.04.18"]

1. d4 Nf6 2. Nf3 c5 3. e3 d5 4. Bd3 Nc6 5. c3 c4 6. Be2 Bf5 7. O-O e6 8. b3 b5
9. a4 a6 10. Ba3 Bxa3 11. Nxa3 Na5 12. Nd2 Ne4 13. Nab1 O-O 14. b4 Nb7 15. Nxe4
Bxe4 16. Nd2 Bg6 17. Qc1 Qb6 18. a5 Qd8 19. Qb2 Nd6 20. Rae1 h6 21. Bd1 Bd3 22.
Be2 Bg6 23. Bd1 Bd3 24. Be2 Bh7 25. Bd1 f5 26. Bc2 g5 27. f3 Qd7 28. e4 Rae8
29. e5 Nc8 30. f4 gxf4 31. Rxf4 Kh8 32. Kh1 Rg8 33. g3 Rg6 34. Nf3 Reg8 35. Nh4
Rg5 36. Bd1 Qg7 37. Qf2 Ne7 38. Nf3 Rg4 39. Nh4 Rg5 40. Re3 Ng6 41. Nxg6+ Rxg6
42. Be2 Rg5 43. Bd1 Qe7 44. Be2 R5g7 45. Bd1 Bg6 46. Rh4 Qg5 47. Qf4 Qxf4 48.
Rxf4 Kh7 49. Kg2 Rf7 50. Kf2 Rfg7 {x moves} 1/2-1/2

[Event "Grand Pacific Open 11th annual"]
[Site "?"]
[Date "2017.04.??"]
[Round "2.3"]
[White "Sohal, Tanraj"]
[Black "Hemstapat, Andrew"]
[Result "1-0"]
[WhiteElo "2370"]
[BlackElo "2049"]
[PlyCount "93"]
[EventDate "2017.04.17"]
[SourceDate "2017.04.18"]

1. d4 Nf6 2. c4 g6 3. Nc3 Bg7 4. e4 d6 5. Nf3 O-O 6. Be2 e5 7. O-O Nc6 8. d5
Ne7 9. Ne1 Nd7 10. Nd3 f5 11. Bd2 Nf6 12. f3 f4 13. Rc1 g5 14. c5 Ng6 15. Nb5
Rf7 16. Ba5 b6 17. cxd6 cxd6 18. Be1 a6 19. Nc3 h5 20. Nb4 Qf8 21. Nc6 b5 22.
a4 g4 23. axb5 g3 24. Na4 gxh2+ 25. Kxh2 Nd7 26. b6 Bf6 27. Rh1 Qg7 28. Kg1 h4
29. Qb3 Ndf8 30. Na7 Bd7 31. b7 Rb8 32. Nc6 Rxb7 33. Qxb7 h3 34. Rh2 Nh4 35.
Qb8 Nxg2 36. Kh1 Nxe1 37. Rxe1 Bh4 38. Rg1 Bg3 39. Nb6 Rf6 40. Nxd7 Qxd7 41.
Qd8 Qg7 42. Ne7+ Kh7 43. Nf5 Qf7 44. Rxh3+ Kg8 45. Nxg3 fxg3 46. Rgxg3+ Rg6 47.
Qh4 1-0

[Event "Grand Pacific Open 11th annual"]
[Site "?"]
[Date "2017.04.??"]
[Round "2.5"]
[White "Chung, Alec"]
[Black "Wu, Howard"]
[Result "0-1"]
[WhiteElo "1698"]
[BlackElo "2184"]
[PlyCount "110"]
[EventDate "2017.04.17"]
[SourceDate "2017.04.18"]

1. c4 Nf6 2. Nc3 g6 3. g3 Bg7 4. Bg2 O-O 5. e4 d6 6. Nge2 c5 7. d3 Nc6 8. h3
Bd7 9. Be3 a6 10. Qd2 Rb8 11. d4 cxd4 12. Nxd4 b5 13. cxb5 axb5 14. Nxc6 Bxc6
15. O-O Nd7 16. Rac1 Ne5 17. b3 b4 18. Nd5 Bb5 19. Rfd1 Nd3 20. Rc2 e6 21. Bf1
Ne5 22. Bg5 Qxg5 23. Qxg5 Nf3+ 24. Kh1 Nxg5 25. Ne7+ Kh8 26. Bg2 h5 27. f4 Nh7
28. Rxd6 Bc3 29. e5 Rfd8 30. a3 Rxd6 31. exd6 Rd8 32. g4 Rxd6 33. axb4 Bxb4 34.
Rc8+ Kg7 35. Rb8 Rd1+ 36. Kh2 Bxe7 37. Rxb5 Bd6 38. Kg3 g5 39. gxh5 Bxf4+ 40.
Kf3 Nf6 41. Ke2 Rd2+ 42. Kf1 Nxh5 43. Bf3 Ng3+ 44. Ke1 Rb2 45. Rb7 Nf5 46. Kd1
Nd4 47. Be4 Rd2+ 48. Kc1 Re2+ 49. Kb1 Rxe4 50. b4 Re2 51. Rd7 Be5 52. Kc1 Bf4+
53. Kb1 e5 54. h4 gxh4 55. b5 h3 0-1

[Event "Grand Pacific Open 11th annual"]
[Site "?"]
[Date "2017.04.??"]
[Round "2.7"]
[White "Moore, Harry"]
[Black "Li, James"]
[Result "1-0"]
[WhiteElo "2197"]
[BlackElo "1621"]
[PlyCount "75"]
[EventDate "2017.04.17"]
[SourceDate "2017.04.18"]

1. e4 c5 2. Nf3 d6 3. Bb5+ Bd7 4. Bxd7+ Qxd7 5. O-O Nf6 6. Qe2 Nc6 7. c3 e6 8.
d4 cxd4 9. cxd4 d5 10. e5 Ne4 11. Be3 Be7 12. Ne1 f6 13. f3 Ng5 14. Nd3 b6 15.
Qd2 Nf7 16. exf6 Bxf6 17. Nb4 Rc8 18. Nxc6 Rxc6 19. Nc3 Nd6 20. b3 Nf5 21. Bf2
O-O 22. Rac1 Rfc8 23. Ne2 Qe7 24. Rxc6 Rxc6 25. Rc1 Bg5 26. f4 Rxc1+ 27. Qxc1
Bf6 28. g4 Nh4 29. g5 Bxg5 30. fxg5 Nf3+ 31. Kg2 Nxg5 32. Bh4 h6 33. Bxg5 hxg5
34. Ng1 Qf6 35. Nf3 g4 36. Ne5 Qf5 37. Qd2 Qb1 38. Qf2 1-0

[Event "Grand Pacific Open 11th annual"]
[Site "?"]
[Date "2017.04.??"]
[Round "2.16"]
[White "Huang, Patrick"]
[Black "Zheng, Maven"]
[Result "1/2-1/2"]
[WhiteElo "1931"]
[BlackElo "1731"]
[PlyCount "90"]
[EventDate "2017.04.17"]
[SourceDate "2017.04.18"]

1. e4 c5 2. Nf3 d6 3. d4 cxd4 4. Nxd4 Nf6 5. Nc3 a6 6. Be2 e5 7. Nb3 Be6 8. Be3
Be7 9. Nd5 Nbd7 10. Qd3 b5 11. a4 bxa4 12. Rxa4 Bxd5 13. exd5 Nb6 14. Rxa6 Rxa6
15. Qxa6 Nbxd5 16. Bb5+ Kf8 17. O-O Nxe3 18. fxe3 g6 19. Qb7 d5 20. Ra1 Kg7 21.
Ra7 Ng8 22. Na5 Qd6 23. Nc6 Qc5 24. Nxe7 Qxe3+ 25. Kf1 Qc1+ 26. Kf2 Qf4+ 27.
Ke2 Qe4+ 28. Kd2 Qd4+ 29. Bd3 Qf2+ 30. Be2 Qd4+ 31. Kc1 Qe3+ 32. Kb1 Qxe2 33.
Nf5+ gxf5 34. Qxf7+ Kh6 35. Qg7+ Kh5 36. Qxh8 Qf1+ 37. Ka2 Qc4+ 38. Ka1 Qf1+
39. Ka2 Qc4+ 40. b3 Qxc2+ 41. Ka1 Qc1+ 42. Ka2 Qc2+ 43. Ka1 Qc1+ 44. Ka2 Qc2+
45. Ka1 Qc1+ 1/2-1/2

[Event "Grand Pacific Open 11th annual"]
[Site "?"]
[Date "2017.04.??"]
[Round "2.3"]
[White "Murray, Mike"]
[Black "Reeve, Jeff"]
[Result "1/2-1/2"]
[WhiteElo "2043"]
[BlackElo "2323"]
[PlyCount "81"]
[EventDate "2017.04.17"]
[SourceDate "2017.04.18"]

1. e4 c5 2. Nc3 Nc6 3. g3 g6 4. d3 Bg7 5. Be3 d6 6. Qd2 e5 7. Nd5 Nf6 8. Nxf6+
Bxf6 9. c3 Be6 10. Nf3 O-O 11. Bh6 Re8 12. h4 d5 13. Ng5 Bxg5 14. Bxg5 f6 15.
Be3 dxe4 16. h5 g5 17. dxe4 Qe7 18. Bb5 Red8 19. Qe2 Na5 20. O-O a6 21. Bd3
Rxd3 22. Qxd3 Bc4 23. Qc2 Bxf1 24. Rxf1 Nc6 25. Bc1 Rd8 26. Rd1 Kg7 27. Rxd8
Qxd8 28. b3 Na5 29. Be3 c4 30. f3 Qd7 31. g4 Kf7 32. Kf2 Ke6 33. Bb6 Qb5 34.
Bxa5 Qxa5 35. b4 Qb6+ 36. Kf1 Qe3 37. Qf2 Qxf2+ 38. Kxf2 a5 39. a3 Kd6 40. Ke3
Kc6 41. Kd2 1/2-1/2

[Event "Grand Pacific Open 11th annual"]
[Site "?"]
[Date "2017.04.??"]
[Round "2.6"]
[White "Kostadinov, Georgi"]
[Black "Geng, Li"]
[Result "0-1"]
[WhiteElo "1461"]
[BlackElo "2082"]
[PlyCount "50"]
[EventDate "2017.04.17"]
[SourceDate "2017.04.18"]

1. d4 d5 2. c4 c6 3. e3 Nf6 4. Nf3 a6 5. Bd3 Bg4 6. h3 Bh5 7. Nc3 e6 8. cxd5
exd5 9. O-O Nbd7 10. Be2 Bd6 11. a3 O-O 12. b4 a5 13. b5 Re8 14. a4 Qe7 15. Qb3
Ne4 16. Re1 Bb4 17. Bd2 Bxf3 18. Nxe4 Bxe4 19. Bxb4 Qxb4 20. Qxb4 axb4 21. bxc6
bxc6 22. a5 b3 23. Bg4 f5 24. Bf3 b2 25. Rac1 bxc1=Q 0-1

[Event "Grand Pacific Open 11th annual"]
[Site "?"]
[Date "2017.04.??"]
[Round "2.14"]
[White "North, Robert"]
[Black "O'Brien, Frank"]
[Result "1-0"]
[WhiteElo "1974"]
[BlackElo "1815"]
[PlyCount "47"]
[EventDate "2017.04.17"]
[SourceDate "2017.04.18"]

1. d4 Nf6 2. c4 c5 3. d5 b5 4. cxb5 a6 5. bxa6 g6 6. g3 d6 7. Bg2 Bxa6 8. Nc3
Bg7 9. Nf3 Nbd7 10. O-O O-O 11. Rb1 Qa5 12. Qc2 Rfb8 13. b3 c4 14. Nd4 cxb3 15.
axb3 Qc5 16. Nc6 Re8 17. Be3 Nxd5 18. Bxc5 Nxc3 19. Rbe1 Rac8 20. Bb4 Nb5 21.
Qa2 Nc7 22. Ba5 Ne6 23. Rc1 Kf8 24. Nb4 1-0

[Event "Grand Pacific Open 11th annual"]
[Site "?"]
[Date "2017.04.??"]
[Round "3.4"]
[White "Zhu, Brandon"]
[Black "Moore, Harry"]
[Result "1/2-1/2"]
[WhiteElo "2066"]
[BlackElo "2197"]
[PlyCount "85"]
[EventDate "2017.04.17"]
[SourceDate "2017.04.18"]

1. d4 d5 2. c4 e6 3. Nc3 Nf6 4. cxd5 exd5 5. Bg5 Nbd7 6. e3 c6 7. Bd3 Be7 8.
Nge2 O-O 9. Qc2 Re8 10. O-O Nf8 11. f3 h6 12. Bh4 a6 13. Bf2 c5 14. dxc5 Bxc5
15. Nd4 Ba7 16. Kh1 Ne6 17. Rfe1 Nxd4 18. exd4 Rxe1+ 19. Rxe1 Be6 20. Bf5 Bxf5
21. Qxf5 Qd6 22. Qe5 Qb4 23. Rb1 Rc8 24. Qe3 Rc4 25. a3 Qd6 26. Bg3 Qe6 27. Be5
Nd7 28. b3 Rc6 29. Rc1 Nxe5 30. Qxe5 Qxe5 31. dxe5 d4 32. Na2 d3 33. Rd1 Rc2
34. Nb4 Rb2 35. h4 d2 36. Kh2 Bd4 37. f4 Bc3 38. Nd5 Rxb3 39. Nxc3 Rxc3 40.
Rxd2 Rxa3 41. Rd8+ Kh7 42. Rd7 Kg8 43. Rd8+ 1/2-1/2

[Event "Grand Pacific Open 11th annual"]
[Site "?"]
[Date "2017.04.??"]
[Round "3.1"]
[White "Kostadinov, Georgi"]
[Black "Sohal, Tanraj"]
[Result "0-1"]
[WhiteElo "2080"]
[BlackElo "2301"]
[PlyCount "92"]
[EventDate "2017.04.17"]
[SourceDate "2017.04.18"]

1. d4 Nf6 2. c4 e6 3. g3 d5 4. Nf3 Nc6 5. Bg2 dxc4 6. O-O Rb8 7. Qc2 b5 8. a3
Bb7 9. Rd1 Be7 10. Nc3 a6 11. Bg5 Na5 12. e4 Nb3 13. Rab1 h6 14. Bxf6 Bxf6 15.
e5 Be7 16. d5 exd5 17. e6 O-O 18. exf7+ Rxf7 19. Ne5 c6 20. Nxf7 Kxf7 21. Qh7
Bf6 22. Bf3 Nd4 23. Bh5+ Ke7 24. Re1+ Kd6 25. Re8 Qc7 26. Rbe1 Rxe8 27. Rxe8
Kc5 28. Bg4 Qf7 29. Rb8 Be5 30. Rg8 Nb3 31. Qh8 Qg6 32. Bc8 Bxc3 33. bxc3 Nd2
34. Kg2 Qe4+ 35. Kh3 Nf3 36. Kg2 Nd2+ 37. Kh3 Nf3 38. Kg2 Ne5+ 39. Kf1 Qh1+ 40.
Ke2 Qe4+ 41. Kf1 Qh1+ 42. Ke2 Nd3 43. Re8 Qe1+ 44. Kf3 Qxf2+ 45. Kg4 Bxc8+ 46.
Rxc8 Ne5+ 0-1

[Event "Grand Pacific Open 11th annual"]
[Site "?"]
[Date "2017.04.??"]
[Round "3.13"]
[White "Raymer, Elliot"]
[Black "Huang, Patrick"]
[Result "0-1"]
[WhiteElo "1961"]
[BlackElo "1931"]
[PlyCount "114"]
[EventDate "2017.04.17"]
[SourceDate "2017.04.18"]

1. e4 c5 2. d4 cxd4 3. c3 dxc3 4. Nxc3 Nc6 5. Nf3 d6 6. Bc4 a6 7. O-O Bg4 8.
Bxf7+ Kxf7 9. Ng5+ Ke8 10. Qxg4 Qc8 11. Ne6 Nf6 12. Nxg7+ Bxg7 13. Qxg7 Rg8 14.
Qh6 Qg4 15. g3 Rg6 16. Qf4 Qh3 17. Qf3 h5 18. Qg2 Qg4 19. h3 Qd7 20. Nd5 Nxd5
21. exd5 Ne5 22. f4 Nd3 23. f5 Rg7 24. Bh6 Rh7 25. Bg5 Qb5 26. f6 exf6 27. Bxf6
Qc5+ 28. Kh1 Qe3 29. Rf3 Qe4 30. Qf1 Rf7 31. Qxd3 Qxd3 32. Re1+ Kd7 33. Rxd3
Rxf6 34. Rde3 Raf8 35. Re7+ Kc8 36. Rc1+ Kb8 37. Re6 Rf2 38. Rxd6 Rxb2 39. Re6
Rff2 40. Re8+ Ka7 41. Rd1 Rh2+ 42. Kg1 Rbg2+ 43. Kf1 Rxa2 44. Kg1 Rag2+ 45. Kf1
Rxg3 46. Rde1 Rgxh3 47. d6 Rh1+ 48. Kf2 Rxe1 49. Kxe1 Rd3 50. Rd8 h4 51. Ke2
Rd5 52. Kf3 h3 53. Kg3 Rd3+ 54. Kh2 a5 55. d7 Kb6 56. Rh8 Rxd7 57. Rxh3 Rg7 0-1

[Event "Grand Pacific Open 11th annual"]
[Site "?"]
[Date "2017.04.??"]
[Round "3.8"]
[White "Hemstapat, Andrew"]
[Black "Tian, Sherry"]
[Result "1-0"]
[WhiteElo "2039"]
[BlackElo "1818"]
[PlyCount "93"]
[EventDate "2017.04.17"]
[SourceDate "2017.04.18"]

1. e4 e6 2. Nf3 d5 3. Nc3 dxe4 4. Nxe4 Nd7 5. d4 Ngf6 6. Bd3 c5 7. O-O Nxe4 8.
Bxe4 Nf6 9. Bd3 Be7 10. Be3 Qb6 11. dxc5 Bxc5 12. Bxc5 Qxc5 13. Re1 O-O 14. Re5
Qc7 15. Qe2 h6 16. Re1 Bd7 17. h3 Bc6 18. Nh2 Rfd8 19. Qe3 Rd5 20. Rxd5 Bxd5
21. Ng4 Nxg4 22. hxg4 Qe7 23. Qd4 Rd8 24. Qxa7 Qb4 25. Qe3 Qxg4 26. Bf1 Qa4 27.
c4 Bc6 28. Qb6 Rd2 29. b4 Rd1 30. Rxd1 Qxd1 31. Qe3 Qd6 32. b5 Bd7 33. Qd3 Qxd3
34. Bxd3 b6 35. a4 Kf8 36. c5 bxc5 37. a5 Bc8 38. a6 Ke7 39. Be4 f5 40. a7 fxe4
41. a8=Q Bd7 42. Qxe4 Bxb5 43. Qb7+ Bd7 44. Qc7 c4 45. Qxc4 Kf7 46. f4 g6 47.
Kf2 1-0

[Event "Grand Pacific Open 11th annual"]
[Site "?"]
[Date "2017.04.??"]
[Round "3.6"]
[White "Cao, Jason"]
[Black "Low, Kevin"]
[Result "1-0"]
[WhiteElo "2414"]
[BlackElo "1866"]
[PlyCount "53"]
[EventDate "2017.04.17"]
[SourceDate "2017.04.18"]

1. e4 c5 2. Nf3 d6 3. d4 cxd4 4. Nxd4 Nf6 5. Nc3 a6 6. h3 e6 7. g4 d5 8. Nde2
Bb4 9. a3 Bxc3+ 10. Nxc3 Nxe4 11. Nxe4 dxe4 12. Qxd8+ Kxd8 13. Bg2 Bd7 14. Be3
Bc6 15. O-O-O+ Nd7 16. Bc5 Bd5 17. Bd6 Rc8 18. Rd4 Rc6 19. Bb4 Kc7 20. Rhd1 Nc5
21. Kb1 Rc8 22. c4 Nb3 23. cxd5 exd5 24. Rxd5 Kb8 25. Bxe4 Rc1+ 26. Rxc1 Rxc1+
27. Ka2 1-0